000 01076nam a2200277 c 4500
003 BLK
005 20180422110800.0
008 180409b bul|||||r ||||||| ||bul||
010 _aKNG00127350000
040 _aBLK
041 _aBUL
_cBUL
080 _aБългарска литература
_b821.163.2
_x-31
_z821.163.2-31
100 1 _aАнтонова, Неда Монова
_eпърви автор
_9369311
139 _aАнтонова, Неда Монова
_bА 75
245 1 0 _aТри кита в аквариума
_bРоман
_cНеда Монова Антонова.
257 _aBGR
260 София
_bНар. младеж
_c1982
300 _a184 с.
_c20 см
380 _aX
490 1 _aБиблиотека Лъч : Разузнавачески и приключенски романи и повести
_v64
852 _aЦб 117177
856 4 _qpdf
_u
856 4 _qpdf
_u
942 _cKNG
_n0
944 _aCR
_c14.02.2012
_l14.02.2012 - от С1,Р / 14.02.2012
_kВиолета_Тройчева
944 _aED
_c14.02.2012
_l14.02.2012 - от С1,Р / 14.02.2012
_k
999 _c121718
_d121718